The universe and its origin (Record no. 2375)
[ view plain ]
| 000 -LEADER | |
|---|---|
| fixed length control field | 00587nam a2200205Ia 4500 |
| 003 - CONTROL NUMBER IDENTIFIER | |
| control field | IN-BaIIA |
| 008 - FIXED-LENGTH DATA ELEMENTS--GENERAL INFORMATION | |
| fixed length control field | 211028s9999 xx 000 0 eng d |
| 040 ## - CATALOGING SOURCE | |
| Transcribing agency | IIA Library |
| 080 ## - UNIVERSAL DECIMAL CLASSIFICATION NUMBER | |
| Universal Decimal Classification number | 52-37 |
| Item number | THE |
| 245 #4 - TITLE STATEMENT | |
| Title | The universe and its origin |
| Statement of responsibility, etc. | edited by H. Messel and S.T. Butler |
| 260 ## - PUBLICATION, DISTRIBUTION, ETC. | |
| Place of publication, distribution, etc. | London |
| Name of publisher, distributor, etc. | Macmillan |
| Date of publication, distribution, etc. | 1964 |
| 300 ## - PHYSICAL DESCRIPTION | |
| Extent | 147p. |
| 650 ## - SUBJECT ADDED ENTRY--TOPICAL TERM | |
| Topical term or geographic name entry element | Astronomy |
| 9 (RLIN) | 80 |
| 650 ## - SUBJECT ADDED ENTRY--TOPICAL TERM | |
| Topical term or geographic name entry element | Astronomy and astrophysics thesaurus |
| 650 ## - SUBJECT ADDED ENTRY--TOPICAL TERM | |
| Topical term or geographic name entry element | Extraterrestrial life |
| 9 (RLIN) | 4250 |
| 650 ## - SUBJECT ADDED ENTRY--TOPICAL TERM | |
| Topical term or geographic name entry element | Origin of life |
| 9 (RLIN) | 3519 |
| 700 ## - ADDED ENTRY--PERSONAL NAME | |
| Personal name | Butler, S. T., ed. |
| 9 (RLIN) | 4251 |
| 700 ## - ADDED ENTRY--PERSONAL NAME | |
| Personal name | Messel, H., ed. |
| 9 (RLIN) | 4252 |
| 942 ## - ADDED ENTRY ELEMENTS (KOHA) | |
| Koha item type | Books |
| Withdrawn status | Lost status | Damaged status | Not for loan | Home library | Current library | Shelving location | Date acquired | Cost, normal purchase price | Total Checkouts | Full call number | Barcode | Date last seen | Cost, replacement price | Price effective from | Koha item type | Purchase Price |
|---|---|---|---|---|---|---|---|---|---|---|---|---|---|---|---|---|
| IIA Library-Bangalore | IIA Library-Bangalore | General Stacks | 01/04/1965 | 11.88 | 52-37/ THE | 2656 | 05/11/2021 | 11.88 | 01/04/1965 | Books | Rs. 11.88 |